00833nam a2200217 a 4500001001000000005001700010008004100027020001500068050002200083100001800105245016200123260003000285300004200315500007600357504003200433650003800465650003700503653002200540700003100562700002200593BRCA_163620190320203504.0310805s1999----sp-a---f##---#001-0#spa-# a8489796149 4aND1393b.C44 19991 aCherry, Peter10aArte y naturalezabel bodegón español en el Siglo de OrocPeter Cherry ; traducción del inglés, Ivars Barzdevics ; fotografías, Joaquín Cortés. aMadridbDoce Callesc1999 a610 p.bil. (algunas a color)c31 cm. aIncluye cronología de la vida de los pintores e índice onomástico aBibliografía : p. 569-58914aBodegones españolesySiglo XVII14aPintoresvBiografíaszEspaña0 aNaturaleza muerta1 aCortés, Joaquínd1938-1 aBarzdevics, Ivars